| 000 | 02227nam a2200277 a 4500 | ||
|---|---|---|---|
| 005 | 20250409133238.0 | ||
| 008 | 250210s2021 000 0 eng d | ||
| 020 | _a978-607-8549-92-4 | ||
| 040 |
_aCO-CtgCURN _bspa _ccoctgcurn |
||
| 082 | 0 | 4 |
_a004.8 _bS232 |
| 100 | 1 |
_aSantana Mancilla, Pedro César, _dCoordinador. |
|
| 245 | 1 | 0 |
_aTecnologías de información : _bSus aplicaciones y contribuciones / _cPedro César Santana Mancilla; Juan Antonio Guerrero Ibáñez; Juan Manuel Ramírez Alcaraz; Silvia Berenice Fajardo Flores (Coord). |
| 260 |
_aColima,México : _bUniversidad de Colima, _c2021. |
||
| 300 |
_a155 páginas : _bil. |
||
| 500 | _aIncluye reseñas curriculares páginas (141-151) | ||
| 504 | _aIncluye bibliografía al final de cada capítulo. | ||
| 520 | 8 | _aEl presente libro es resultado de la experiencia de sus autores quienes, desde su perspectiva disciplinar, plantean la necesidad de trabajar en constante cambio por medio de la innovación en las Tecnologías de Información (TI) y que pretende ser de utilidad e informativo tanto para la academia, como para el sector salud y la industria. La obra está organizada en tres categorías y siete capítulos: La primera está dedicada a la salud y en ella se abordan aplicaciones de TI que promueven una mejor calidad de vida a sus usuarios. La segunda aborda aplicaciones de TI en la educación, en la que se detalla el desarrollo de herramientas que se enfilan a integrarse plenamente en la Educación 4.0. Finalmente, en la tercera sección se explican aspectos de aplicaciones de TI para lograr competencias laborales, que ayudará a los usuarios a integrarse de forma innovadora a la Industria 4.0. | |
| 650 | 0 | _aTecnología de la información. | |
| 650 | 0 | _aTransferencia de tecnología. | |
| 700 | 1 |
_aGuerrero Ibáñez, Juan Antonio, _dCoordinador. |
|
| 700 | 1 |
_aRamírez Alcaraz, Juan Manuel, _dCoordinador. |
|
| 700 | 1 |
_aFajardo Flores, Silvia Berenice, _dCoordinador. |
|
| 856 | 7 |
_uhttps://unicurn.sharepoint.com/:b:/s/biblioteca/EfBuGILHColOnKCVWEAgFl8Bm9O_3DKegy5b6LenNqRr9w?e=GYOIo4 _zClic aqui para ver el texto completo |
|
| 942 |
_cCF _2ddc _h004.8 _iS232 |
||
| 999 |
_c29621 _d29621 |
||